000 005460000a22001810004500
003 MACL
005 20160127135135.0
008 160127b xxu||||| |||| 00| 0 eng d
040 _aMACL
_cMACL
041 _aHindi
082 _a340/KAP
100 _aडॉ श्‍याम किशोर कपूर
_934687
245 _aसंविदा विधि
260 _bसेन्‍ट्रल लॉ एजेन्‍सी
_aइलाहाबाद
_c1998
350 _a90
650 _aलॉ
_933609
942 _cHIN
_k340 /KAP
_2ddc
999 _c30917
_d30917